Anglais : la nourriture - Statistiques

Statistiques générales
  • Ce quiz a été pris 795 fois
  • Le résultat moyen est 59 sur 104
Statistiques - réponses
En français En anglais % Correct
eau water
99%
lait milk
91%
pain bread
90%
café coffee
90%
thé tea
90%
tomate tomato
90%
fruits fruit
89%
fromage cheese
88%
poisson fish
88%
crème cream
87%
pomme apple
86%
banane banana
86%
sel salt
86%
orange orange
85%
pâtes pasta
85%
frites chips (UK) / fries (US)
84%
pastèque watermelon
84%
beurre butter
83%
poulet chicken
83%
oeuf egg
83%
fraise strawberry
83%
chocolat chaud hot chocolate
82%
viande meat
82%
chocolat chocolate
81%
carotte carrot
80%
melon melon
80%
poivre pepper
80%
légumes vegetables
80%
bière beer
78%
chips crisps (UK) / chips (US)
77%
gâteau cake
76%
jus juice
76%
citron (jaune) lemon
75%
pêche peach
75%
pomme de terre, patate potato
75%
riz rice
75%
salade salad
74%
cerise cherry
73%
saumon salmon
73%
miel honey
72%
yaourt yoghurt
72%
boeuf beef
71%
mangue mango
70%
huile oil
70%
noix de coco coconut
69%
ananas pineapple
69%
vin wine
69%
jambon ham
67%
poire pear
67%
saucisse sausage
66%
oignon onion
63%
concombre cucumber
62%
raisin grape
62%
biscuit biscuit (UK) / cookie (US)
61%
maïs corn
61%
confiture, marmelade jam, marmalade
60%
alcool alcohol
59%
haricot bean
58%
coca coke
57%
thon tuna
57%
céréales cereals
56%
champagne champagne
55%
tarte pie, tart
55%
épinard spinach
54%
myrtille blueberry
53%
farine flour
50%
gauffre waffle
49%
citron vert lime
47%
framboise raspberry
47%
brocoli broccoli
46%
ail garlic
46%
abricot apricot
44%
thé glacé iced tea
44%
eau gazeuse sparkling water, fizzy water
44%
amande almond
40%
aubergine eggplant (US, AU) / aubergine (UK)
40%
limonade, citronnade lemonade
39%
cidre cider
38%
courgette zucchini (US, AU) / courgette (UK)
37%
mûre blackberry
32%
sirop syrup
31%
eau plate still water
30%
viande rôtie roasted meat
28%
chou-fleur cauliflower
26%
omelette omelette (UK) / omelet (US)
26%
noisette hazelnut
23%
une pâtisserie pastry
23%
purée de pommes de terre mashed potatoes
21%
avoine oat
20%
asperge asparagus
19%
pamplemousse grapefruit
19%
oeufs brouillés scrambled eggs
19%
céleri celery
18%
prune plum
18%
blé wheat
18%
poireau leek
17%
chou cabbage
16%
choux de Bruxelles Brussels sprouts
13%
levure yeast, baking powder
12%
noix walnut
11%
navet turnip
10%
cassis blackcurrant
8%
coing quince
6%
groseille redcurrant
5%
Aucun quiz correspondant
Distribution des résultats
% des personnes avec chaque résultat
Percentile par nombre de réponses
Votre historique - résultats
Vous n’avez pas pris ce quiz